000 00286nam a2200133Ia 4500
100 _aRieger H
650 _aAutomobiles
942 _cBK
654 _aInduction
245 _aInduction & Sef- induction
260 _bWiley eastern
_aNew Delhi
_c1991
546 _aENGLISH
999 _c32581
_d32581